Normal view MARC view

Entry Topical Term

Number of records used in: 1

001 - CONTROL NUMBER

  • control field: 13530

003 - CONTROL NUMBER IDENTIFIER

  • control field: OSt

005 - DATE AND TIME OF LATEST TRANSACTION

  • control field: 20191119170841.0

008 - FIXED-LENGTH DATA ELEMENTS

  • fixed length control field: 191119|| aca||aabn | a|a d

040 ## - CATALOGING SOURCE

  • Original cataloging agency: OSt
  • Transcribing agency: OSt

150 ## - HEADING--TOPICAL TERM

  • Topical term or geographic name entry element: Food supply - India

670 ## - SOURCE DATA FOUND

  • Source citation: Work cat.: (OSt): Pradhan, Mamata 13529, What is the effective delivery mechanism of food support in India?: A demand-side assessment of alternative apparatus

Powered by Koha